000 00563nam a22001937a 4500
005 20240118115033.0
010 _aENG-138926
020 _c395.00
_a9788178246611
035 _aEN-122458
037 _bDBAD/PUB
082 _a321.8
100 _aBilgrami, Akeel
_961038
245 _aCapital, Culture, and the Commons /
260 _aRanikhet
_bPermanent Black
270 _bRanikhet
_aHimalayana, Mall Road, Ranikhet
_e263645
300 _a107 pg.
_c20 cm(pbk)
710 _aRoma Chatterjee
_eEditor
_959600
942 _2ddc
_cEN
_h321.8
_mBIL
999 _c200204
_d200204